000 00304 a2200097 4500
100 1 _aKlages, Gerhard.
_eAutor
245 0 _aEinfuehrung in die Mikrowellenphysik /
_cKlages Gerhard.
250 _a2 Aufl..
710 2 _aSteinkopf Verlag.
_eWydawca
_4pbl
260 _aDarmstadt :
_bSteinkopf Verlag,
_c1967.
300 _a279 s.;
_c24 cm.
999 _c7210
_d7210